Postaw na milion 119 - Statystyki

Ogólne statystyki
  • Ten quiz został rozwiązany 14 razy
  • Średni wynik to 6 z 13
Statystyki odpowiedzi
Zagadnienie Odpowiedź % Poprawnych
W "Kubusiu Puchatku" Alana Milne'a Kłapouchy zgubił ważna część ciała, którą Puchatek odnalazł, a Krzyś przytwierdził na miejsce. Co to było? ogon
93%
Suknia ślubna Angeliny Jolie zasłynęła, ponieważ była udekorowana... rysunkami jej dziećmi
79%
Makaron świderki to inaczej: fusilli
64%
Który z tych aktorów jako James Bond, uśmiercił większą liczbę przeciwników? Pierce Brosnan
64%
Światowej sławy polski kompozytor i jazzman Krzysztof Komenda był dyplomowanym... lekarzem
57%
Waluta grecka przed wprowadzeniem euro to: drachma
50%
Do którego z tych sportów niepotrzebna jest woda? longboard
43%
W spożyciu makaronu na głowę przodują na świecie Włosi. A kto jest na drugim miejscu? Wenezuelczycy
36%
Jak miał na imię dr Frankenstein, bohater zekranizowanej powieści Mary Shelley? Wiktor
36%
Najczęściej używane strony/portale internetowe przez polskich nastolatków, wg badania TNS "Bezpieczeństwo w Internecie" z 2015 roku, to: gry online
29%
Które z tych województw ma więcej ludności zamieszkałej na wsi niż w miastach? lubelskie
14%
Z wydzieliny jakiego zwierzęcia uzyskiwano bisior, z którego wyrabiano jedwab morski, najdroższą tkaninę starożytności? małży morskich
14%
Na liście Forbesa najlepiej zarabiających sportowców w 2015 roku, pierwsze miejsce zajmuje bokser, a drugie? też bokser
7%
Nie znaleziono quizów pasujących do podanych kryteriów
Rozkład punktacji
Procent ludzi z każdym wynikiem
Percentyl według liczby udzielonych odpowiedzi
Twoja historia wyników
Nie rozwiązałeś tego quizu